00265 a2200121 4500001000700000020001800007040003500025100001900060240002500079245002000104300001000124362000900134156848 a9788508118762 cEscola São Tomás de Aquino aORTHOF, Sylvia10aJoão Feijãolpor10aJoão Feijão a24 p.0 a2008